HOSPITAL PHARMACY FOR DIPLOMA AND DEGREE STUDENTS IN PHARMACY (Record no. 5816)

MARC details
000 -LEADER
fixed length control field 00426nam a22001577a 4500
005 - DATE AND TIME OF LATEST TRANSACTION
control field 20210828133917.0
008 - FIXED-LENGTH DATA ELEMENTS--GENERAL INFORMATION
fixed length control field 190405b xxu||||| |||| 00| 0 eng d
020 ## - INTERNATIONAL STANDARD BOOK NUMBER
ISBN 978-81-85790-99-2
041 ## - LANGUAGE CODE
Language code of text/sound track or separate title eng
100 ## - MAIN ENTRY--AUTHOR NAME
Personal name PARADKAR, DR. ANANT A.
245 ## - TITLE STATEMENT
Title HOSPITAL PHARMACY FOR DIPLOMA AND DEGREE STUDENTS IN PHARMACY
260 ## - PUBLICATION, DISTRIBUTION, ETC. (IMPRINT)
Place of publication PUNE
Name of publisher NIRALI PRAKASHAN
300 ## - PHYSICAL DESCRIPTION
Number of Pages 22.11p,
650 ## - SUBJECT ADDED ENTRY--TOPICAL TERM
Topical Term PHARMACY
942 ## - ADDED ENTRY ELEMENTS (KOHA)
Koha item type Books
Holdings
Lost status Damaged status Collection code Home library Current library Shelving location Date acquired Source of acquisition Cost, normal purchase price Accession Number Koha item type
    PHARMACY JRU Library JRU Library SHELF - 19 - H 05/04/2019 PURCHESS 190.00 22631 Books
    PHARMACY JRU Library JRU Library SHELF - 19 - H 05/04/2019 PURCHESS 190.00 22632 Books
    PHARMACY JRU Library JRU Library SHELF - 19 - H 05/04/2019 PURCHESS 190.00 22633 Books
    PHARMACY JRU Library JRU Library SHELF - 19 - H 05/04/2019 PURCHESS 190.00 22634 Books
    PHARMACY JRU Library JRU Library SHELF - 19 - H 05/04/2019 PURCHESS 190.00 22635 Books
    PHARMACY JRU Library JRU Library SHELF - 19 - H 05/04/2019 PURCHESS 190.00 22636 Books
    PHARMACY JRU Library JRU Library SHELF - 19 - H 05/04/2019 PURCHESS 190.00 22637 Books
    PHARMACY JRU Library JRU Library SHELF - 19 - H 05/04/2019 PURCHESS 190.00 22638 Books
    PHARMACY JRU Library JRU Library SHELF - 19 - H 05/04/2019 PURCHESS 190.00 22639 Books
    Reference JRU Library JRU Library SHELF-4-C 05/04/2019 PURCHESS 190.00 22640 Books